000 00462nam a2200181Ia 4500
001 15747
005 20260306170218.0
008 260306t2012||||xx |||||||||||||| ||und||
041 _aESP
082 _a604.2
_bH82
100 _aHuapaya Bautista, Alejandro
_eAUT
245 0 _aDibujo técnico y de ingeniería asistido por computadora
260 _c2012
300 _a381 páginas :
_c30 cm.
650 _aGEN
654 _aCAU
942 _cLIB
_dJUS
_fJUS
_2ddc
_n
999 _c15747
_d15747